| 000 | 00985nmc a2200361 a 4500 | ||
|---|---|---|---|
| 003 | AR-BaBNM | ||
| 005 | 20251128205905.0 | ||
| 008 | 048019s1996 ||||||||||||||000 | spa|| | ||
| 020 | _a84-344-8216-9 | ||
| 040 | _cAR-BaBNM | ||
| 100 | 1 | _aRomaine, Suzanne | |
| 245 | 1 | 0 |
_aEl lenguaje en la sociedad _buna introducción a la sociolingüística |
| 250 | _a1ª ed. | ||
| 260 |
_aBarcelona _bEditorial Ariel _c1996 |
||
| 300 | 0 | _a271 p. | |
| 490 | 0 | _aAriel lingüística | |
| 500 | 0 | _aContiene referencias bibliográficas en p. 266 | |
| 650 | 4 | _aSEMIOLOGIA | |
| 650 | 4 | _aLINGUISTICA | |
| 650 | 4 | _aTEORIA LINGUISTICA | |
| 650 | 4 | _aCOMPORTAMIENTO LINGUISTICO | |
| 650 | 4 | _aANALISIS LINGUISTICO | |
| 650 | 4 | _aMINORIAS LINGUISTICAS | |
| 650 | 4 | _aFONOLOGIA | |
| 650 | 4 | _aSINTAXIS | |
| 650 | 4 | _aSEMANTICA | |
| 650 | 4 | _aGRAMATICA | |
| 650 | 4 | _aLENGUAS | |
| 650 | 4 | _aSOCIOLINGUISTICA | |
| 700 | 1 |
_aBorrego Nieto, Julio _etraductor |
|
| 942 | _cBK | ||
| 998 | _cMARTIN | ||
| 999 |
_c13173 _d13173 |
||